Orly the orangutan : (Record no. 9368)

MARC details
000 -LEADER
fixed length control field 01047nam a22002897a 4500
001 - CONTROL NUMBER
control field 9368
003 - CONTROL NUMBER IDENTIFIER
control field FISKH
005 - DATE AND TIME OF LATEST TRANSACTION
control field 20251215083316.0
008 - FIXED-LENGTH DATA ELEMENTS--GENERAL INFORMATION
fixed length control field 251215b cb ||||| |||| 00| 0 eng d
020 ## - INTERNATIONAL STANDARD BOOK NUMBER
International Standard Book Number 9781577553380
040 ## - CATALOGING SOURCE
Original cataloging agency FISKH
Language of cataloging eng
Transcribing agency FISKH
Modifying agency FISKH
050 ## - LIBRARY OF CONGRESS CALL NUMBER
Classification number QL795.O7 R47
082 ## - DEWEY DECIMAL CLASSIFICATION NUMBER
Classification number 599.883
100 ## - MAIN ENTRY--PERSONAL NAME
Personal name Resnick, Jon
Relator term Author
245 ## - TITLE STATEMENT
Title Orly the orangutan :
Remainder of title True-to-life books /
Statement of responsibility, etc. Written and photographed by Jon Resnick ; Designed and produced by Jan Davis
260 ## - PUBLICATION, DISTRIBUTION, ETC.
Place of publication, distribution, etc. Hong Kong :
Name of publisher, distributor, etc. Jon Resnick & Jan Davis ,
Date of publication, distribution, etc. 2001
300 ## - PHYSICAL DESCRIPTION
Extent 24 pages :
Other physical details photographs ;
Dimensions 27 cm
505 ## - FORMATTED CONTENTS NOTE
Formatted contents note R<br/>
520 ## - SUMMARY, ETC.
Summary, etc. Orly the orangutan is your guide on this exciting adventure through his natural habitat and daily activities. Learn what you can do to help protect the endangered orangutan population.<br/>
521 8# - TARGET AUDIENCE NOTE
Target audience note 700<br/>
Source Lexile estimate<br/>
521 8# - TARGET AUDIENCE NOTE
Target audience note R<br/>
Source Raz-Plus<br/>
650 ## - SUBJECT ADDED ENTRY--TOPICAL TERM
Topical term or geographic name entry element Non-fiction animals
Form subdivision Mammals
650 ## - SUBJECT ADDED ENTRY--TOPICAL TERM
Topical term or geographic name entry element Science
Form subdivision Orangutan
700 ## - ADDED ENTRY--PERSONAL NAME
Personal name Resnick, Jon
Relator term Photographer
942 ## - ADDED ENTRY ELEMENTS (KOHA)
Source of classification or shelving scheme Dewey Decimal Classification
Koha item type Books
Suppress in OPAC No
Holdings
Withdrawn status Lost status Source of classification or shelving scheme Damaged status Not for loan Collection Home library Current library Shelving location Date acquired Total Checkouts Full call number Barcode Date last seen Copy number Price effective from Koha item type
    Dewey Decimal Classification     Non-Fiction Footprints International School Library Network Toul Tom Poung Campus Footprints International School Library Network Toul Tom Poung Campus TTP Primary Orange Bookshelves 12/15/2025   RES 599.883 QL795.O7 R47 FIS04637 12/15/2025 1 12/15/2025 Books